Die teuersten Fußballtransfers - Linker Verteidiger - Saison 2021-2022 - Statistiken

Allgemein
  • Dieses Quiz wurde 13 mal gespielt
  • Das Durchschnittsergebnis liegt bei 4 aus 10
Antwortstatistiken
Ablöse (M €) Nationalität Abgebender Verein Aufnehmender Verein Spieler % Korrekt
36,80 Kroatien Dinamo Zagreb RB Leipzig Josko Gvardiol
100%
18,00 Spanien Manchester City RB Leipzig Angeliño
75%
18,00 Spanien FC Getafe Brighton Marc Cucurella
75%
15,00 Dominikanische Republik FC Barcelona Leeds United Junior Firpo
58%
30,00 Frankreich FC Everton Aston Villa Lucas Digne
58%
11,10 Frankreich / Algerien Angers SCO Wolverhampton Rayan Aït-Nouri
33%
23,50 Ukraine Dynamo Kyiv FC Everton Vitaliy Mykolenko
25%
15,00 England Brighton Newcastle United Dan Burn
8%
13,00 Uruguay Palmeiras AS Rom Matías Viña
0%
12,00 Frankreich Stade Brest 29 Southampton Romain Perraud
0%
Keine übereinstimmenden Quizze gefunden
Verteilung der Resultate
Anzahl Personen mit jedem Resultat
Perzentil nach korrekt beantworteten Fragen
Ihre Resultats-Entwicklung
Sie haben dieses Quiz noch nicht gespielt